[Event "8. LGA Premium Cup 2011"]
[Site "Nürnberg"]
[Date "2011.09.08"]
[Round "1.28"]
[White "Rausch, Wolfgang sr"]
[Black "Hirn, Oskar"]
[Result "0-1"]
[WhiteElo "1863"]
[BlackElo "2255"]
[PlyCount "54"]
[EventDate "2011.??.??"]
[WhiteTeam "SC Noris-Tarrasch Nürnberg 1873"]
[BlackTeam "SC Noris-Tarrasch Nürnberg 1873"]

1. c4 Nf6 2. Nc3 e5 3. Nf3 Nc6 4. d4 exd4 5. Nxd4 Bc5 6. Nc2 d6 7. e3 a5 8. Be2
O-O 9. O-O Re8 10. b3 Bf5 11. Nd4 Nxd4 12. exd4 Bb6 13. Be3 c6 14. Qd2 h6 15.
Bd3 Qd7 16. Rfe1 d5 17. Bxf5 Qxf5 18. c5 Bc7 19. f3 Re6 20. Qf2 Rae8 21. Rad1
R8e7 22. Bd2 Bxh2+ 23. Kh1 Bc7 24. Rxe6 Rxe6 25. Re1 Qh5+ 26. Kg1 Qh2+ 27. Kf1
Bg3 0-1

[Event "8. LGA Premium Cup 2011"]
[Site "Nürnberg"]
[Date "2011.09.08"]
[Round "1.29"]
[White "Zikeli, Saskia"]
[Black "Mihok, Oliver"]
[Result "0-1"]
[WhiteElo "2067"]
[BlackElo "2431"]
[PlyCount "40"]
[EventDate "2011.??.??"]
[WhiteTeam "SC Ingersheim e.V."]
[BlackTeam "Sfrd. Berlin 1903 e.V."]

1. c4 g6 2. Nc3 c5 3. g3 Bg7 4. Bg2 Nc6 5. e3 d6 6. Nge2 Bd7 7. O-O Qc8 8. Rb1
h5 9. d4 h4 10. f3 hxg3 11. hxg3 Bf5 12. e4 Bh3 13. dxc5 Bxg2 14. Kxg2 Qh3+ 15.
Kf2 Qh2+ 16. Ke1 O-O-O 17. Be3 dxc5 18. Qa4 Bd4 19. Bd2 Qg2 20. Bc1 Bf2+ 0-1

[Event "8. LGA Premium Cup 2011"]
[Site "Nürnberg"]
[Date "2011.09.08"]
[Round "1.30"]
[White "Bernadskiy, Vitaliy"]
[Black "Seeger, Peter"]
[Result "1-0"]
[WhiteElo "2439"]
[BlackElo "2079"]
[PlyCount "40"]
[EventDate "2011.??.??"]
[BlackTeam "SC Noris-Tarrasch Nürnberg 1873"]

1. d4 Nf6 2. c4 g6 3. Nc3 d5 4. cxd5 Nxd5 5. e4 Nxc3 6. bxc3 Bg7 7. Bc4 c5 8.
Ne2 O-O 9. O-O Nc6 10. Be3 Qc7 11. Rc1 Rd8 12. Qa4 Bd7 13. Qa3 Na5 14. Bd3 c4
15. Bc2 e5 16. Rcd1 b5 17. Bg5 f6 18. Bh4 Re8 19. h3 Nc6 20. f4 exf4 1-0

[Event "8. LGA Premium Cup 2011"]
[Site "Nürnberg"]
[Date "2011.09.08"]
[Round "1.31"]
[White "Künstler, Christian"]
[Black "Vidonyak, Roman"]
[Result "1/2-1/2"]
[WhiteElo "2075"]
[BlackElo "2413"]
[PlyCount "85"]
[EventDate "2011.??.??"]

1. d4 Nf6 2. c4 g6 3. Nc3 Bg7 4. e4 d6 5. Nf3 O-O 6. Be2 Nbd7 7. O-O e5 8. Re1
c6 9. d5 Nc5 10. Nd2 Bh6 11. Qc2 a5 12. Rb1 Bd7 13. b3 Rc8 14. dxc6 bxc6 15. a3
d5 16. f3 Nh5 17. Nf1 Bxc1 18. Rexc1 d4 19. b4 axb4 20. axb4 Ne6 21. Na4 c5 22.
b5 Nef4 23. Bd3 f5 24. Nb2 Qg5 25. Kh1 Nf6 26. Qd2 fxe4 27. Bxe4 Bf5 28. Bxf5
Qxf5 29. Ng3 Qe6 30. Nd3 Nd7 31. Ne4 Rf5 32. Nxf4 exf4 33. Qa5 Nb6 34. Qa2 Re5
35. Qc2 Rd8 36. Qd3 Ra8 37. Rb2 Ra4 38. Rbc2 Rb4 39. h3 Na4 40. Qd2 g5 41. Nxc5
Nxc5 42. Qxb4 d3 43. Ra2 1/2-1/2

[Event "8. LGA Premium Cup 2011"]
[Site "Nürnberg"]
[Date "2011.09.08"]
[Round "1.32"]
[White "Renner, Christoph"]
[Black "Steinmüller, Alexander"]
[Result "1-0"]
[WhiteElo "2405"]
[BlackElo "1952"]
[PlyCount "159"]
[EventDate "2011.??.??"]

1. Nf3 Nf6 2. d4 g6 3. Bf4 d5 4. e3 Bg7 5. Nbd2 O-O 6. Bd3 c5 7. c3 cxd4 8.
exd4 Nh5 9. Be3 Nc6 10. O-O Qd6 11. Re1 Bf5 12. Bxf5 gxf5 13. Nh4 f4 14. Nf5
Qg6 15. Nxg7 Kxg7 16. Nf1 fxe3 17. Rxe3 Kh8 18. Qb3 e6 19. Qxb7 Na5 20. Qc7 Nc4
21. Rf3 Rg8 22. g3 f5 23. b3 Qg4 24. Kg2 Rac8 25. Qf7 Nd6 26. Qxe6 Ne4 27. Qe5+
Ng7 28. Ne3 Qh5 29. Nxd5 Rce8 30. Qf4 Ng5 31. Re3 Qh3+ 32. Kh1 Nh5 33. Qh4 Qxh4
34. gxh4 Ne4 35. Rf3 f4 36. Rg1 Rgf8 37. c4 Nd2 38. Rd3 Ne4 39. Kg2 Nd6 40. Kf3
Nf5 41. Rg4 Re1 42. Nc3 Rh1 43. Kg2 Rc1 44. d5 Nh6 45. Rg5 f3+ 46. Rxf3 Rxf3
47. Kxf3 Rxc3+ 48. Ke4 Nf6+ 49. Ke5 Ne8 50. Rg3 Rc2 51. Rf3 Kg7 52. Ke6 Rxa2
53. d6 Re2+ 54. Re3 Rxf2 55. d7 Nc7+ 56. Kd6 Nb5+ 57. cxb5 Rd2+ 58. Kc7 Rc2+
59. Kb7 Rd2 60. Re7+ Kf6 61. Rxh7 Nf7 62. Kxa7 Rxd7+ 63. Ka6 Rd3 64. b4 Rb3 65.
Ka5 Ra3+ 66. Kb6 Rc3 67. h5 Rc2 68. h4 Rc3 69. h6 Rc2 70. h5 Rb2 71. Rg7 Rxb4
72. Rg6+ Ke7 73. h7 Rh4 74. Rh6 Nh8 75. Kc7 Rh1 76. b6 Rc1+ 77. Rc6 Rb1 78. b7
Rxb7+ 79. Kxb7 Kf7 80. Rg6 1-0

[Event "8. LGA Premium Cup 2011"]
[Site "Nürnberg"]
[Date "2011.09.08"]
[Round "1.33"]
[White "Lauterbach, Ingrid"]
[Black "Zude, Arno"]
[Result "1/2-1/2"]
[WhiteElo "2016"]
[BlackElo "2379"]
[PlyCount "65"]
[EventDate "2011.??.??"]

1. Nf3 Nf6 2. g3 d5 3. Bg2 c6 4. d3 Bf5 5. Nbd2 h6 6. O-O e6 7. Re1 Bh7 8. c3
Nbd7 9. a4 a5 10. b3 Bc5 11. e4 dxe4 12. Nxe4 Nxe4 13. dxe4 Nf6 14. Nd2 O-O 15.
Ba3 Qe7 16. Bxc5 Qxc5 17. Qf3 Nd7 18. Qe3 Rfd8 19. Nc4 Qxe3 20. Rxe3 Nc5 21.
Rb1 Kf8 22. f3 f6 23. Bf1 e5 24. Nb6 Rab8 25. b4 axb4 26. cxb4 Ne6 27. a5 Bg8
28. b5 cxb5 29. Bxb5 Ke7 30. Nd5+ Kf8 31. Nb6 Ke7 32. Nd5+ Kf8 33. Nb6 1/2-1/2

[Event "8. LGA Premium Cup 2011"]
[Site "Nürnberg"]
[Date "2011.09.08"]
[Round "1.34"]
[White "Eisenbeiser, Amadeus"]
[Black "Hörmann, Gunther"]
[Result "1-0"]
[WhiteElo "2405"]
[BlackElo "2025"]
[PlyCount "53"]
[EventDate "2011.??.??"]
[WhiteTeam "BG Buchen"]
[BlackTeam "TSV Cadolzburg e.V."]

1. e4 c5 2. Nf3 a6 3. c4 e6 4. Nc3 Qc7 5. Be2 Be7 6. O-O d6 7. d4 cxd4 8. Nxd4
Nf6 9. Be3 Nbd7 10. f3 b6 11. Qd2 Bb7 12. Rfc1 O-O 13. Rab1 h5 14. Bf1 h4 15.
b4 Rac8 16. Qf2 Bd8 17. a4 Ne5 18. Nb3 d5 19. cxd5 Qd6 20. h3 Nc4 21. Bd4 e5
22. Bc5 bxc5 23. bxc5 Rxc5 24. Nxc5 Bb6 25. Rxb6 Nxb6 26. Nxb7 Qa3 27. Rc2 1-0

[Event "8. LGA Premium Cup 2011"]
[Site "Nürnberg"]
[Date "2011.09.08"]
[Round "1.35"]
[White "Lange, Carsten"]
[Black "Fedorovsky, Michael"]
[Result "0-1"]
[WhiteElo "1886"]
[BlackElo "2336"]
[PlyCount "80"]
[EventDate "2011.??.??"]

1. Nf3 Nf6 2. g3 b5 3. Bg2 Bb7 4. O-O e6 5. b3 Be7 6. Bb2 O-O 7. c4 b4 8. d3 c5
9. Nbd2 d6 10. Qc2 Nbd7 11. e3 a5 12. a4 Ne8 13. Rad1 Rc8 14. d4 Qc7 15. Qb1
Qb8 16. Qa1 Qa8 17. Ne1 cxd4 18. exd4 d5 19. Nd3 dxc4 20. Bxb7 Qxb7 21. Nxc4
Nb6 22. Nde5 Nxc4 23. Nxc4 Qf3 24. Ne3 Nf6 25. Rd3 Qe2 26. Rdd1 Ne4 27. Bc1 Qf3
28. Qb2 Rc3 29. Bd2 Nxd2 30. Rxd2 Bg5 31. Re2 Rxe3 32. Rxe3 Bxe3 33. fxe3 Qxe3+
34. Kg2 Rc8 35. Qf2 Qxf2+ 36. Rxf2 Rc3 37. d5 Rxb3 38. Rd2 Kf8 39. dxe6 fxe6
40. Rd6 Ra3 0-1

[Event "8. LGA Premium Cup 2011"]
[Site "Nürnberg"]
[Date "2011.09.08"]
[Round "1.36"]
[White "Zelbel, Patrick"]
[Black "Seidel, Michael"]
[Result "1-0"]
[WhiteElo "2390"]
[BlackElo "1925"]
[PlyCount "83"]
[EventDate "2011.??.??"]

1. e4 d6 2. d4 Nf6 3. Nc3 g6 4. Be3 c6 5. f3 b5 6. Qd2 Nbd7 7. g4 Nb6 8. h4 h5
9. g5 Nfd7 10. d5 cxd5 11. Bxb5 dxe4 12. Qd4 e5 13. Qxe4 Rb8 14. Bc6 Be7 15.
O-O-O Ba6 16. f4 exf4 17. Bxf4 O-O 18. Nd5 Re8 19. Bxd7 Nxd7 20. Nxe7+ Rxe7 21.
Qd4 Nf8 22. Nh3 Qa5 23. Bxd6 Rd7 24. a3 Rc8 25. Qe5 Qa4 26. Rh2 Qxh4 27. Rd4
Qxd4 28. Qxd4 Rcd8 29. Rd2 Rxd6 30. Qxd6 Rxd6 31. Rxd6 Bc8 32. Nf4 Kg7 33. Kd2
Nh7 34. Rd5 h4 35. Ke3 Bf5 36. Nh5+ Kf8 37. Kf4 Be6 38. Rd8+ Ke7 39. Rh8 Nf8
40. Nf6 h3 41. Ke5 Bf5 42. Nd5+ 1-0

[Event "8. LGA Premium Cup 2011"]
[Site "Nürnberg"]
[Date "2011.09.08"]
[Round "1.37"]
[White "Fiedler, Wolfgang"]
[Black "Zude, Erik"]
[Result "0-1"]
[WhiteElo "1959"]
[BlackElo "2368"]
[PlyCount "70"]
[EventDate "2011.??.??"]

1. Nf3 Nf6 2. g3 g6 3. Bg2 Bg7 4. O-O O-O 5. c4 d6 6. Nc3 Nc6 7. e4 Bg4 8. h3
Bxf3 9. Bxf3 Nd7 10. d3 Nd4 11. Bg2 a5 12. Be3 c6 13. Ne2 e5 14. Rb1 Nc5 15.
Nxd4 exd4 16. Bc1 Qd7 17. b3 b5 18. f4 b4 19. a4 f5 20. exf5 Qxf5 21. Bxc6 Ra7
22. g4 Qxd3 23. Qxd3 Nxd3 24. Bd2 Re7 25. Rf3 Nc5 26. Re1 Rxe1+ 27. Bxe1 d3 28.
Rf1 Nxb3 29. Bf2 Bd4 30. Rd1 Rxf4 31. Bxd4 Rxd4 32. Kf2 Kf8 33. Ke3 Rxc4 34.
Rf1+ Ke7 35. Bd5 Rc3 0-1

[Event "8. LGA Premium Cup 2011"]
[Site "Nürnberg"]
[Date "2011.09.08"]
[Round "1.38"]
[White "Köpke, Christian"]
[Black "Karasek, Christian"]
[Result "1-0"]
[WhiteElo "2319"]
[BlackElo "2038"]
[PlyCount "91"]
[EventDate "2011.??.??"]

1. e4 c5 2. Nf3 Nc6 3. d4 cxd4 4. Nxd4 Nf6 5. Nc3 e5 6. Ndb5 d6 7. Na3 Be6 8.
Bg5 Be7 9. Nc4 Nd4 10. Ne3 Qa5 11. Bxf6 Bxf6 12. Bd3 Bg5 13. O-O Bxe3 14. fxe3
Nc6 15. Kh1 O-O-O 16. Nd5 Rd7 17. c4 h5 18. Rb1 Qd8 19. b4 Kb8 20. Qa4 Rh6 21.
b5 Qa5 22. Qc2 Ne7 23. Rfc1 Rh8 24. Qb2 f6 25. Rc3 Bxd5 26. exd5 Rc8 27. e4 Rc5
28. Ra3 Qc7 29. Qb3 Ng6 30. Rxa7 Qb6 31. Ra4 Nf4 32. Bf1 h4 33. Qa3 Rc8 34.
Ra8+ Kc7 35. c5 dxc5 36. Rxc8+ Kxc8 37. g3 hxg3 38. hxg3 g5 39. gxf4 Rh7+ 40.
Kg2 gxf4 41. Rc1 Rc7 42. Qa8+ Kd7 43. Kh2 f5 44. Bh3 Qh6 45. exf5 Kd6 46. Qd8+
1-0

[Event "8. LGA Premium Cup 2011"]
[Site "Nürnberg"]
[Date "2011.09.08"]
[Round "1.39"]
[White "Ter-Akopyan, Bagrat"]
[Black "Donchenko, Anatoly"]
[Result "0-1"]
[WhiteElo "2023"]
[BlackElo "2329"]
[PlyCount "118"]
[EventDate "2011.??.??"]

1. Nf3 Nf6 2. g3 b5 3. Bg2 Bb7 4. O-O e6 5. d3 d6 6. b3 c5 7. Bb2 Be7 8. Nbd2
O-O 9. e3 Nbd7 10. Qe2 Qc7 11. h3 a5 12. Rfe1 a4 13. Nf1 a3 14. Bc3 Nd5 15. Bd2
Bf6 16. d4 b4 17. e4 Ba6 18. Qd1 N5b6 19. Be3 Rac8 20. g4 d5 21. Ng3 dxe4 22.
Nxe4 Nd5 23. Nxf6+ N7xf6 24. Ne5 Bb7 25. Nc4 Rfd8 26. Bg5 Nc3 27. Bxf6 Nxd1 28.
Bxd8 Rxd8 29. Raxd1 Bxg2 30. Kxg2 Rxd4 31. Rxd4 cxd4 32. Re4 Qd8 33. f3 d3 34.
cxd3 Qxd3 35. Kf2 g5 36. Ne5 Qc2+ 37. Re2 Qc5+ 38. Kg2 Kg7 39. Nc4 Qd4 40. Rd2
Qc3 41. Kf2 h5 42. gxh5 Kh6 43. Re2 Kxh5 44. Ne5 Qc7 45. Re4 Qc5+ 46. Kf1 Qc1+
47. Kf2 Qd2+ 48. Re2 Qf4 49. Ke1 Kh6 50. Re4 Qc1+ 51. Kf2 Qc2+ 52. Re2 Qc5+ 53.
Kg2 Kg7 54. Nc4 Qd4 55. Rd2 Qc3 56. Kf2 f6 57. Re2 e5 58. Nd2 Qc8 59. Kg2 Qc2
0-1

[Event "8. LGA Premium Cup 2011"]
[Site "Nürnberg"]
[Date "2011.09.08"]
[Round "1.40"]
[White "Huss, Rolf"]
[Black "Ikonnikov, Vyacheslav"]
[Result "0-1"]
[WhiteElo "2057"]
[BlackElo "2492"]
[PlyCount "68"]
[EventDate "2011.??.??"]
[WhiteTeam "SC Fulda"]
[BlackTeam "SF Bad Mergentheim"]

1. d4 Nf6 2. c4 e6 3. Nf3 b6 4. g3 Ba6 5. Qa4 Bb7 6. Bg2 c5 7. O-O cxd4 8. Rd1
Be7 9. Nxd4 Bxg2 10. Kxg2 Qc8 11. Nc3 Qb7+ 12. f3 a6 13. e4 O-O 14. Be3 d6 15.
Rd2 Rc8 16. Qb3 Nbd7 17. Re1 Ne5 18. Nxe6 fxe6 19. c5 dxc5 20. Qxe6+ Nf7 21.
Nd5 Nxd5 22. exd5 Bd6 23. Bf4 Qc7 24. Rde2 Rf8 25. Be5 Bxe5 26. Rxe5 Qd6 27.
Rf5 Rad8 28. Re2 g6 29. Rf6 Kg7 30. Qxd6 Rxd6 31. Ree6 Rfd8 32. g4 b5 33. h4
Rxe6 34. Rxe6 Rd6 0-1

[Event "8. LGA Premium Cup 2011"]
[Site "Nürnberg"]
[Date "2011.09.08"]
[Round "1.41"]
[White "Klundt, Klaus"]
[Black "Sieber, Heiko"]
[Result "1/2-1/2"]
[WhiteElo "2356"]
[BlackElo "1921"]
[PlyCount "108"]
[EventDate "2011.??.??"]

1. e4 d5 2. exd5 Nf6 3. d4 Nxd5 4. Nf3 g6 5. c4 Nf6 6. Nc3 Bg7 7. Be2 Nbd7 8.
O-O O-O 9. Re1 Re8 10. Bf4 Nh5 11. Bg5 h6 12. Be3 Nf8 13. Qd2 Kh7 14. Rad1 f5
15. Ne5 Bxe5 16. dxe5 Qxd2 17. Rxd2 Ne6 18. Bxh5 gxh5 19. Ne2 a5 20. Rd3 b6 21.
c5 Ba6 22. Rc3 Bxe2 23. Rxe2 f4 24. Bd2 bxc5 25. Kf1 Reb8 26. Bc1 Rd8 27. Ke1
Rd5 28. f3 Rad8 29. Kf2 h4 30. Rc4 Rd4 31. Re4 Rxc4 32. Rxc4 Kg6 33. g3 hxg3+
34. hxg3 fxg3+ 35. Kxg3 Kf5 36. Bxh6 Rd4 37. Rc2 Kxe5 38. Bd2 Kd6 39. Bxa5 Ra4
40. Rd2+ Kc6 41. Bc3 Rxa2 42. Re2 Kd5 43. Re5+ Kd6 44. Rh5 Nd4 45. Kf4 Ne2+ 46.
Ke3 Nxc3 47. bxc3 Rc2 48. Kd3 Rf2 49. Rf5 e6 50. Rf7 Kd5 51. Ke3 Rf1 52. Rxc7
Kc4 53. Rc6 Rc1 54. Kd2 Rxc3 1/2-1/2

[Event "8. LGA Premium Cup 2011"]
[Site "Nürnberg"]
[Date "2011.09.08"]
[Round "1.42"]
[White "Maurer, Christian"]
[Black "Breutigam, Martin"]
[Result "0-1"]
[WhiteElo "2039"]
[BlackElo "2338"]
[PlyCount "102"]
[EventDate "2011.??.??"]

1. d4 d5 2. Nf3 c5 3. e3 Nf6 4. Be2 Nc6 5. O-O e6 6. c4 a6 7. a3 Bd6 8. dxc5
Bxc5 9. b4 Ba7 10. Bb2 O-O 11. Nbd2 Qe7 12. Qb3 Rd8 13. Rfd1 h6 14. Rac1 Bd7
15. Ne5 Be8 16. Ndf3 dxc4 17. Bxc4 Rac8 18. Bf1 Nd5 19. Bc4 Nb6 20. Rxd8 Rxd8
21. Bf1 f6 22. Nc4 Nd5 23. Na5 Nxa5 24. bxa5 Kh8 25. e4 Nf4 26. g3 Ng6 27. e5
f5 28. Rd1 Rxd1 29. Qxd1 Bc6 30. Qb3 Bd5 31. Qc3 Qc5 32. Qxc5 Bxc5 33. Nd2 Ne7
34. Bc4 Kg8 35. Kf1 g5 36. Ke2 g4 37. Bxd5 Nxd5 38. Nc4 Kf7 39. Bc1 h5 40. Be3
Nxe3 41. fxe3 Ke7 42. Kd3 Kd7 43. a4 Kc6 44. e4 fxe4+ 45. Kxe4 Bg1 46. Kf4 Bxh2
47. Kg5 Bxg3 48. Kxh5 Kc5 49. Nd6 Bxe5 50. Nxb7+ Kd5 51. Kxg4 Bf6 0-1

[Event "8. LGA Premium Cup 2011"]
[Site "Nürnberg"]
[Date "2011.09.08"]
[Round "1.43"]
[White "Zozulia, Anna"]
[Black "Reimold, Jonas"]
[Result "1-0"]
[WhiteElo "2355"]
[BlackElo "1942"]
[PlyCount "29"]
[EventDate "2011.??.??"]

1. e4 e5 2. Nf3 Nf6 3. Nc3 Bb4 4. Nxe5 d6 5. Nf3 Bxc3 6. dxc3 Nxe4 7. Bd3 Nc5
8. Be2 Bg4 9. Qd4 Be6 10. Qxg7 Kd7 11. Nd4 Qe8 12. Nxe6 Nxe6 13. Qf6 Rg8 14.
Be3 Rxg2 15. Qf3 1-0

[Event "8. LGA Premium Cup 2011"]
[Site "Nürnberg"]
[Date "2011.09.08"]
[Round "1.44"]
[White "Wörl, Richard"]
[Black "Wichmann, Cliff"]
[Result "0-1"]
[WhiteElo "1941"]
[BlackElo "2320"]
[PlyCount "118"]
[EventDate "2011.??.??"]

1. e4 e6 2. d4 d5 3. exd5 exd5 4. Nf3 Nf6 5. Bg5 Be7 6. Bd3 O-O 7. O-O Bg4 8.
Nbd2 c5 9. dxc5 Nbd7 10. Nb3 Ne4 11. Bxe7 Qxe7 12. Re1 Ndxc5 13. Nxc5 Qxc5 14.
Bxe4 dxe4 15. Rxe4 Rad8 16. Qe2 Bxf3 17. gxf3 Qg5+ 18. Rg4 Qd5 19. c3 Rfe8 20.
Re4 Rxe4 21. Qxe4 Qxe4 22. fxe4 Rd2 23. b3 Kf8 24. Kg2 Ke7 25. c4 g5 26. Kf3
Ke6 27. Ke3 Rc2 28. Rg1 h6 29. h4 gxh4 30. Rg4 Rc3+ 31. Kd4 Rh3 32. f4 Rh2 33.
c5 h5 34. Rg5 Rxa2 35. Rxh5 Rd2+ 36. Kc3 Rh2 37. Rh6+ Ke7 38. b4 h3 39. Kd4 Rh1
40. Ke5 h2 41. Rh7 Rb1 42. Rxh2 Rxb4 43. f5 Rb5 44. f6+ Kd7 45. Rd2+ Kc6 46.
Rd6+ Kc7 47. Kd5 b6 48. Rc6+ Kd7 49. Rd6+ Ke8 50. Kc6 Rxc5+ 51. Kb7 Re5 52.
Kxa7 b5 53. Rb6 Rxe4 54. Rxb5 Ra4+ 55. Kb7 Rf4 56. Rb6 Kd7 57. Ka6 Rf5 58. Kb7
Rd5 59. Rb1 Ke6 0-1

[Event "8. LGA Premium Cup 2011"]
[Site "Nürnberg"]
[Date "2011.09.08"]
[Round "1.46"]
[White "Straschewski, Jörg"]
[Black "Klein, David"]
[Result "0-1"]
[WhiteElo "1907"]
[BlackElo "2339"]
[PlyCount "80"]
[EventDate "2011.??.??"]

1. d4 Nf6 2. c4 e6 3. Nc3 Bb4 4. Qc2 O-O 5. a3 Bxc3+ 6. Qxc3 d5 7. Bg5 c5 8.
dxc5 d4 9. Qf3 Nbd7 10. O-O-O e5 11. e3 h6 12. Bh4 e4 13. Qf4 d3 14. f3 g5 15.
Bxg5 hxg5 16. Qxg5+ Kh8 17. Qh4+ Nh7 18. Qxe4 Re8 19. Qd4+ Ne5 20. Qc3 f6 21.
Bxd3 Qe7 22. Be4 Qxc5 23. Bd5 Bd7 24. Ne2 Ba4 25. Rd4 Rac8 26. Qb4 Qxb4 27.
axb4 Bb3 28. Nc3 Bxc4 29. Bxb7 Rb8 30. Be4 Bb3 31. Bc2 Bxc2 32. Kxc2 Nc6 33.
Rd7 Nxb4+ 34. Kb1 Rxe3 35. Rhd1 Nf8 36. R7d2 Kg7 37. Kc1 a5 38. f4 Ne6 39. g3
Nc5 40. Rd6 Rf3 0-1

[Event "8. LGA Premium Cup 2011"]
[Site "Nürnberg"]
[Date "2011.09.08"]
[Round "1.47"]
[White "Raykhman, Alexander"]
[Black "Baumann, Mathias"]
[Result "1-0"]
[WhiteElo "2322"]
[BlackElo "1859"]
[PlyCount "67"]
[EventDate "2011.??.??"]

1. d4 Nf6 2. c4 e6 3. Nf3 Bb4+ 4. Bd2 Qe7 5. g3 b6 6. Bg2 Bb7 7. O-O O-O 8. Bc1
Qd8 9. c5 bxc5 10. a3 Ba5 11. dxc5 Bxf3 12. Bxf3 c6 13. Qc2 d5 14. cxd6 Qxd6
15. Nd2 Bc7 16. Nc4 Qe7 17. Bd2 Rd8 18. Na5 Nd5 19. Nxc6 Nxc6 20. Qxc6 Be5 21.
Bxd5 Rac8 22. Bb4 Rxc6 23. Bxe7 Rxd5 24. Rac1 Rxc1 25. Rxc1 g6 26. Rc2 Rb5 27.
b4 Rb7 28. Bc5 h5 29. e3 Rd7 30. Kf1 h4 31. Ke2 hxg3 32. hxg3 f5 33. Rd2 Rc7
34. Rd8+ 1-0

[Event "8. LGA Premium Cup 2011"]
[Site "Nürnberg"]
[Date "2011.09.08"]
[Round "1.48"]
[White "Adler, Herbert"]
[Black "Schramm, Christian"]
[Result "0-1"]
[WhiteElo "1875"]
[BlackElo "2297"]
[PlyCount "80"]
[EventDate "2011.??.??"]

1. d4 c5 2. Nf3 cxd4 3. Nxd4 g6 4. g3 Bg7 5. Bg2 Nc6 6. e3 h5 7. h4 a6 8. c4
Nh6 9. O-O Qc7 10. Nxc6 bxc6 11. Qc2 d6 12. Nc3 Bf5 13. e4 Be6 14. b3 O-O 15.
Bb2 Rab8 16. Rac1 Qa5 17. Ba1 Ng4 18. Na4 Bxa1 19. Rxa1 c5 20. Nb2 Ne5 21. Nd3
Nc6 22. Nf4 Nd4 23. Qd3 Qc7 24. Bh3 Bg4 25. f3 Bxh3 26. Nxh3 a5 27. Rf2 a4 28.
bxa4 Qd7 29. Kg2 Qxa4 30. Rc1 Rb7 31. Rc3 Rfb8 32. Ra3 Qd7 33. Nf4 Nc6 34. Nd5
Nd4 35. f4 Rb2 36. f5 Rxf2+ 37. Kxf2 Rb2+ 38. Kg1 Qb7 39. Qe3 Rb1+ 40. Kg2 Qb2+
0-1

[Event "8. LGA Premium Cup 2011"]
[Site "Nürnberg"]
[Date "2011.09.08"]
[Round "1.49"]
[White "Zwahr, Paul"]
[Black "Osmanovic, Faruk"]
[Result "1-0"]
[WhiteElo "2323"]
[BlackElo "1979"]
[PlyCount "111"]
[EventDate "2011.??.??"]

1. e4 c5 2. Nf3 d6 3. d4 cxd4 4. Nxd4 Nf6 5. Nc3 a6 6. Be3 e5 7. Nb3 Be6 8. f3
Be7 9. Qd2 O-O 10. O-O-O a5 11. Qe1 Nbd7 12. a4 Qb8 13. Kb1 Nc5 14. Bxc5 dxc5
15. Nd2 Rd8 16. Nc4 Bxc4 17. Rxd8+ Qxd8 18. Bxc4 Qc7 19. Nb5 Qb8 20. Qc3 Ne8
21. Qb3 Nd6 22. Nxd6 Qxd6 23. Bxf7+ Kh8 24. Qxb7 Rb8 25. Qd5 Qb6 26. Qb3 Qd6
27. Qc3 Rb4 28. b3 Bg5 29. Bc4 h5 30. Qd3 Qxd3 31. Bxd3 Kh7 32. Bc4 Be3 33. c3
Rb6 34. Kc2 Rg6 35. Kd3 Bg5 36. Bf7 Rf6 37. Bd5 h4 38. h3 Bf4 39. Re1 Kg6 40.
Kc4 Rf8 41. Re2 Rb8 42. Kxc5 Bc1 43. Kd6 Kf6 44. Kc7 Re8 45. b4 Ba3 46. bxa5
Bc5 47. Rb2 Kg5 48. Rb5 Bf2 49. Kd7 Rh8 50. c4 Kf4 51. c5 Kg3 52. c6 Kxg2 53.
c7 Kxh3 54. Rb8 Rxb8 55. cxb8=Q Kg2 56. Be6 1-0

[Event "8. LGA Premium Cup 2011"]
[Site "Nürnberg"]
[Date "2011.09.08"]
[Round "1.50"]
[White "Berger, Stefan"]
[Black "Espig, Lutz"]
[Result "1/2-1/2"]
[WhiteElo "2009"]
[BlackElo "2285"]
[PlyCount "68"]
[EventDate "2011.??.??"]

1. Nf3 c5 2. c3 Nf6 3. d4 e6 4. Bf4 Nc6 5. e3 Be7 6. Nbd2 Nh5 7. Bg3 d5 8. Bd3
Bd7 9. Qe2 g6 10. dxc5 Nxg3 11. hxg3 Bxc5 12. Nb3 Be7 13. e4 dxe4 14. Bxe4 Qc7
15. Nfd4 Nxd4 16. Nxd4 O-O-O 17. Nb5 Qb6 18. a4 a6 19. Nd4 Kb8 20. O-O e5 21.
Nf3 f5 22. Bd5 Bf6 23. Nxe5 Bc8 24. Nc4 Qc5 25. Bf3 g5 26. Bh5 g4 27. Na3 f4
28. Bxg4 fxg3 29. Bxc8 Rxc8 30. Qe3 gxf2+ 31. Qxf2 Be7 32. Qxc5 Bxc5+ 33. Kh1
Rc6 34. Rf3 Rg8 1/2-1/2

[Event "8. LGA Premium Cup 2011"]
[Site "Nürnberg"]
[Date "2011.09.08"]
[Round "1.51"]
[White "Jahnel, Günther"]
[Black "Werner, Thomas"]
[Result "1-0"]
[WhiteElo "2281"]
[BlackElo "1930"]
[PlyCount "67"]
[EventDate "2011.??.??"]

1. d4 d5 2. c4 c6 3. Nf3 Nf6 4. Nc3 e6 5. e3 Nbd7 6. Bd3 dxc4 7. Bxc4 b5 8. Bd3
a6 9. e4 c5 10. d5 c4 11. Bc2 Qc7 12. O-O Bc5 13. Nd4 e5 14. Nf5 O-O 15. Bg5 g6
16. Ne3 Ne8 17. Bh6 Ng7 18. Qd2 Nf6 19. Kh1 Rd8 20. Bg5 Be7 21. f4 Nfe8 22.
Bxe7 Qxe7 23. f5 g5 24. a4 b4 25. Ne2 b3 26. Bd1 Nf6 27. Ng3 h5 28. Nxc4 h4 29.
d6 Qb7 30. Qxg5 hxg3 31. Qxf6 Bd7 32. Nxe5 Qxe4 33. Qxf7+ Kh8 34. f6 1-0

[Event "8. LGA Premium Cup 2011"]
[Site "Nürnberg"]
[Date "2011.09.08"]
[Round "1.52"]
[White "Eber, Fabian"]
[Black "Heinzel, Olaf"]
[Result "1/2-1/2"]
[WhiteElo "2003"]
[BlackElo "2301"]
[PlyCount "60"]
[EventDate "2011.??.??"]

1. c4 c6 2. Nc3 d5 3. d4 e6 4. e3 f5 5. f4 Nf6 6. Nf3 Be7 7. Be2 O-O 8. O-O b6
9. b3 Ne4 10. Nxe4 dxe4 11. Ne5 Bb7 12. g4 Nd7 13. Nxd7 Qxd7 14. g5 Rfd8 15.
Bb2 c5 16. Qe1 Qc7 17. Rd1 cxd4 18. Bxd4 Bc5 19. Bxc5 Qxc5 20. Qc3 a5 21. a4
Rac8 22. Kf2 Qc7 23. h4 Re8 24. Qe5 Qf7 25. Kg3 Rc5 26. Qd6 Rc6 27. Qd7 Re7 28.
Qd8+ Re8 29. Qd7 Re7 30. Qd8+ Re8 1/2-1/2

[Event "8. LGA Premium Cup 2011"]
[Site "Nürnberg"]
[Date "2011.09.08"]
[Round "1.53"]
[White "Mons, Leon"]
[Black "Hartmann, Thomas"]
[Result "1-0"]
[WhiteElo "2325"]
[BlackElo "1932"]
[PlyCount "75"]
[EventDate "2011.??.??"]

1. e4 d5 2. exd5 Nf6 3. c4 e6 4. dxe6 Bxe6 5. d4 Bb4+ 6. Bd2 Qe7 7. Be2 Bxc4 8.
Qa4+ Nc6 9. Bxb4 Qxb4+ 10. Qxb4 Nxb4 11. Bxc4 Nc2+ 12. Kd2 Nxa1 13. Nc3 O-O-O
14. Nf3 c5 15. d5 a6 16. a4 b5 17. axb5 axb5 18. Nxb5 Ne4+ 19. Ke3 Nc2+ 20.
Kxe4 Nb4 21. Ra1 Rhe8+ 22. Kf4 Kb8 23. d6 f5 24. Ne5 g6 25. f3 g5+ 26. Kxf5
Rf8+ 27. Kxg5 h6+ 28. Kxh6 Rf5 29. Nf7 Rg8 30. d7 Nc6 31. Rd1 Nd8 32. Nxd8 Rxd8
33. Kg6 Rf4 34. b3 Kb7 35. g3 Rxf3 36. Bd5+ Kb8 37. Ra1 Rg8+ 38. Kh7 1-0

[Event "8. LGA Premium Cup 2011"]
[Site "Nürnberg"]
[Date "2011.09.08"]
[Round "1.54"]
[White "Nöckler, Alexander"]
[Black "Levushkina, Elena"]
[Result "0-1"]
[WhiteElo "1848"]
[BlackElo "2309"]
[PlyCount "60"]
[EventDate "2011.??.??"]

1. c4 e5 2. Nc3 Nf6 3. Nf3 Nc6 4. g3 Bb4 5. Bg2 O-O 6. O-O e4 7. Ng5 Bxc3 8.
dxc3 Re8 9. f3 d6 10. Nh3 exf3 11. exf3 a5 12. Nf4 Ne5 13. b3 a4 14. Bb2 Bf5
15. g4 Bc8 16. h3 Nfd7 17. Rb1 Nc5 18. Ne2 axb3 19. axb3 Ra2 20. Nc1 Ra6 21. f4
Ng6 22. Nd3 Nxd3 23. Qxd3 Ra2 24. Rf2 Qe7 25. Rd1 Nh4 26. Bd5 h5 27. f5 hxg4
28. hxg4 Qg5 29. Bf3 Re3 30. Qd2 Nxf3+ 0-1

[Event "8. LGA Premium Cup 2011"]
[Site "Nürnberg"]
[Date "2011.09.08"]
[Round "1.55"]
[White "Unzicker, Ferdinand"]
[Black "Siegel, Adrian"]
[Result "1-0"]
[WhiteElo "2273"]
[BlackElo "1992"]
[PlyCount "67"]
[EventDate "2011.??.??"]

1. c4 e6 2. Nf3 b6 3. g3 Bb7 4. Bg2 f5 5. O-O Nf6 6. Nc3 Bd6 7. d3 O-O 8. e4
fxe4 9. Ng5 Be5 10. Ngxe4 Nc6 11. Ng5 Rb8 12. Be3 Qe8 13. d4 Bd6 14. d5 exd5
15. Nxd5 Kh8 16. Re1 Qg6 17. Nxf6 gxf6 18. Ne4 Bb4 19. Bd2 Bxd2 20. Qxd2 Ne5
21. Qd4 d6 22. f4 Nc6 23. Qd2 Rbe8 24. Nc3 Nd8 25. b3 Bxg2 26. Kxg2 Qf5 27. Nb5
Ne6 28. Nxa7 h5 29. Nb5 h4 30. Nc3 Rg8 31. Re4 Qg4 32. f5 h3+ 33. Kg1 Qf3 34.
Qh6# 1-0

[Event "8. LGA Premium Cup 2011"]
[Site "Nürnberg"]
[Date "2011.09.08"]
[Round "1.56"]
[White "Luther, Helmut"]
[Black "Strunski, Andreas"]
[Result "0-1"]
[WhiteElo "1878"]
[BlackElo "2264"]
[PlyCount "68"]
[EventDate "2011.??.??"]

1. d4 Nf6 2. c4 g6 3. Nc3 Bg7 4. e4 d6 5. f3 O-O 6. Bg5 c5 7. d5 e6 8. Nge2
exd5 9. cxd5 a6 10. a4 h6 11. Be3 h5 12. Qd2 Nbd7 13. Nc1 Nh7 14. Be2 f5 15.
exf5 gxf5 16. Nd3 Re8 17. Bf2 Ne5 18. Nxe5 Rxe5 19. O-O Qf6 20. f4 Qh6 21. Rad1
Re8 22. Bd3 Nf6 23. h3 Bd7 24. Qc2 Qg6 25. Qb3 b5 26. axb5 Ne4 27. Bh4 axb5 28.
Bxb5 Rab8 29. Qc4 Nxc3 30. Bxd7 Rxb2 31. Bf2 Re4 32. Qa6 Rxf4 33. Qc8+ Kh7 34.
Rfe1 Ne4 0-1